[Event "Kragero Resort International 2022"]
[Site "Kragero"]
[Date "2022.02.27"]
[Round "9.5"]
[White "Bogner, Sebastian"]
[Black "Ochsner, Bjorn Moller"]
[Result "0-1"]
[WhiteElo "2573"]
[BlackElo "2496"]
[Annotator "TA"]
[PlyCount "64"]
[EventDate "2022.02.23"]
[EventType "swiss"]
[EventCountry "NOR"]
[SourceTitle "playchess.com"]
[Source "ChessBase"]
[SourceQuality "1"]

{[%evp 13,64,25,19,0,18,22,29,12,23,11,31,52,38,34,54,35,46,35,42,48,96,88,120,113,159,83,102,99,90,68,113,87,101,75,98,67,60,-62,-88,-204,-198,-487,-487,-629,-618,-1268,-1231,-1264,-1238,-1170,-1172,-1028,-874]} 1. e4 c5 2. Nf3 d6 3. d4 cxd4 4. Nxd4 Nf6 5. Nc3 Nc6 6. Bg5 e6 7. Bb5 Bd7 8. Qd3 {is more profitable than 8.Bxc6 at the moment. B62: Sicilian: Richter-Rauzer: 6...e6: Unusual White 7th moves.} h6 9. Bh4 Qb6 {[#]} 10. Bxf6 $146 {White has an edge.} ({Predecessor:} 10. O-O-O Nxd4 11. Bxd7+ Nxd7 12. Qxd4 Qxd4 13. Rxd4 a6 14. Rhd1 Ne5 15. Bg3 g5 16. Bxe5 dxe5 {1-0 (36) Ragger,M (2696)-Sanal,V (2511) Skopje 2019}) 10... gxf6 11. O-O-O a6 12. Bxc6 bxc6 13. f4 {[%cal Bf2f4,Bf4f5][%mdl 32]} Rb8 14. b3 Qb4 15. Rhe1 c5 16. Nf3 Bb5 (16... c4 $14 {feels stronger.} 17. Qxc4 Qxc4 18. bxc4 Rc8) 17. Qe3 Be7 18. f5 Rb7 (18... c4 $142) 19. Kb2 (19. Nd2 $142) 19... c4 $16 20. Nd4 Bd7 21. Qh3 {[%cal Rf5e6]} cxb3 (21... d5 $2 22. fxe6 fxe6 23. Nxe6 Bxe6 24. Qxe6 cxb3 25. cxb3 (25. Nxd5 $2 Qa3+ 26. Kc3 bxc2+ 27. Kd2 cxd1=Q+ $19) 25... Qa3+ 26. Kc2 $18 (26. Ka1 Rxb3 27. Na4 Qxa4 $14)) (21... e5 $14) 22. cxb3 {[%cal Rf5e6]} (22. a3 Qa5 23. cxb3 d5 $15) 22... h5 (22... d5 $2 23. fxe6 fxe6 24. exd5 Qa3+ 25. Kb1 $18) 23. Rf1 ({But not} 23. fxe6 $6 fxe6 24. Qf3 Rc7 $11) 23... a5 {[%cal Ba6a5,Ba5a4][%mdl 32]} (23... d5 $2 24. fxe6 fxe6 25. Nxe6 $18) 24. Rd3 ({Much worse is} 24. fxe6 $6 fxe6 25. Nxe6 Kf7 26. Ng5+ Ke8 $11) 24... a4 25. Nc2 (25. a3 $1 $14 Qc4 26. Rc1 axb3 27. fxe6 fxe6 28. Ncb5) 25... Qc4 $15 {[%cal Ra4b3]} 26. b4 ({Not} 26. fxe6 $2 Bxe6 27. Qe3 axb3 $19) (26. Na3 $17 {keeps fighting.} Qa6 27. Nab1) 26... d5 $1 $19 {[%cal Bd6d5,Bd5e4][%mdl 32]} 27. a3 {[#]} (27. Qf3 {was the only chance.} Bxb4 28. Kc1 Bxc3 29. Rxc3 Qxa2 30. fxe6 Bxe6 31. Kd2) 27... dxe4 {Black is clearly winning.} 28. Rdd1 Qb3+ 29. Kc1 Rc7 30. Kd2 Bf8 {[#] Hoping for ...Bh6+.} 31. Rc1 Bh6+ 32. Ne3 Qc4 {Weighted Error Value: White=0.58/Black=0.09 (flawless)} 0-1

[Event "Kragero Resort International 2022"]
[Site "Kragero"]
[Date "2022.02.27"]
[Round "9.5"]
[White "Strand, Amund Pihl"]
[Black "Thorisson, Benedikt"]
[Result "0-1"]
[WhiteElo "1748"]
[BlackElo "1790"]
[Annotator "NA"]
[PlyCount "86"]
[EventDate "2022.02.23"]
[EventType "swiss"]
[EventCountry "NOR"]
[SourceTitle "playchess.com"]
[Source "ChessBase"]
[SourceQuality "1"]
[TimeControl "5400+30"]

1. c4 {[%emt 0:27:18]} e5 {[%emt 0:00:07]} 2. Nc3 {[%emt 0:00:55]} Nf6 {[%emt 0:00:08]} 3. g3 {[%emt 0:00:04]} d5 {[%emt 0:00:11]} 4. cxd5 {[%emt 0:00:04]} Nxd5 {[%emt 0:00:10]} 5. Bg2 {[%emt 0:00:02]} Nb6 {[%emt 0:00:19]} 6. Nf3 {[%emt 0:00:09]} Nc6 {[%emt 0:00:17]} 7. d3 {[%emt 0:00:25]} Be7 {[%emt 0:00:46]} 8. O-O {[%emt 0:00:11]} O-O {[%emt 0:01:14]} 9. Be3 {[%emt 0:04:03]} Be6 {[%emt 0:01:03]} 10. Ne4 {[%emt 0:02:13]} Nd5 {[%emt 0:05:54]} 11. Bc5 {[%emt 0:05:05]} h6 {[%emt 0:02:12]} 12. a3 {[%emt 0:04:33]} f5 {[%emt 0:01:21]} 13. Bxe7 {[%emt 0:00:31]} Qxe7 {[%emt 0:00:07]} 14. Nc3 {[%emt 0:02:17]} Rad8 {[%emt 0:03:11]} 15. Qa4 {[%emt 0:08:20]} Kh8 {[%emt 0:06:22]} 16. Qh4 {[%emt 0:06:55]} Qxh4 {[%emt 0:05:01]} 17. Nxh4 {[%emt 0:04:23]} Kh7 {[%emt 0:02:14]} 18. Nxd5 {[%emt 0:02:12]} Bxd5 {[%emt 0:00:09]} 19. Bxd5 {[%emt 0:00:10]} Rxd5 {[%emt 0:00:04]} 20. Nxf5 {[%emt 0:00:09]} Rb5 {[%emt 0:00:56]} 21. Ne3 {[%emt 0:06:48]} Nd4 {[%emt 0:03:15]} 22. Rfe1 {[%emt 0:06:28]} Rxb2 {[%emt 0:08:16]} 23. Kf1 {[%emt 0:06:34]} Nb3 {[%emt 0:08:04]} 24. Nc4 {[%emt 0:02:07]} Nxa1 {[%emt 0:01:52]} 25. Nxb2 {[%emt 0:00:05]} Nb3 {[%emt 0:00:46]} 26. Nc4 {[%emt 0:00:25]} Re8 {[%emt 0:01:03]} 27. Rb1 {[%emt 0:00:15]} Nc5 {[%emt 0:00:34]} 28. Nxe5 {[%emt 0:03:23]} Rxe5 {[%emt 0:01:15]} 29. d4 {[%emt 0:00:04]} Ne4 {[%emt 0:00:26]} 30. Rxb7 {[%emt 0:00:15]} Ra5 {[%emt 0:01:20]} 31. Rxc7 {[%emt 0:00:11]} Rxa3 {[%emt 0:00:26]} 32. Re7 {[%emt 0:04:19]} Nf6 {[%emt 0:02:29]} 33. e4 {[%emt 0:00:27]} Ra4 {[%emt 0:01:08]} 34. Ke2 {[%emt 0:03:02]} Rxd4 {[%emt 0:07:27]} 35. e5 {[%emt 0:00:15]} Nd7 {[%emt 0:02:56]} 36. Ke3 {[%emt 0:00:28]} Rd1 {[%emt 0:00:48]} 37. f4 {[%emt 0:00:42]} a5 {[%emt 0:00:56]} 38. e6 {[%emt 0:01:41]} Nf6 {[%emt 0:03:07]} 39. Ke2 {[%emt 0:00:25]} Rd6 {[%emt 0:02:17]} 40. f5 {[%emt 0:00:22]} Rd5 {[%emt 0:00:57]} 41. g4 {[%emt 0:00:34]} Nxg4 {[%emt 0:00:46]} 42. Rf7 {[%emt 0:00:15]} Kg8 {[%emt 0:01:14]} 43. Rd7 {[%emt 0:00:56]} Rxf5 {[%emt 0:02:47]} 0-1

[Event "Kragero Resort International 2022"]
[Site "Kragero"]
[Date "2022.02.27"]
[Round "9.6"]
[White "Dardha, Daniel"]
[Black "Gharibyan, Mamikon"]
[Result "1/2-1/2"]
[WhiteElo "2541"]
[BlackElo "2479"]
[Annotator "TA"]
[PlyCount "39"]
[EventDate "2022.02.23"]
[EventType "swiss"]
[EventCountry "NOR"]
[SourceTitle "playchess.com"]
[Source "ChessBase"]
[SourceQuality "1"]

{[%evp 11,39,3,11,22,19,-12,32,27,23,17,43,37,66,66,77,22,29,31,50,26,87,39,95,107,104,0,0,-29,0,0]} 1. d4 Nf6 2. c4 e6 3. g3 d5 4. Bg2 Bb4+ 5. Bd2 Be7 6. Nf3 {[%cal Bg1f3,Bf3d4,Bd4b3][%mdl 32]} O-O 7. Qc2 {E11: Bogo-Indian.} Nbd7 $1 {[%mdl 4] now scores much better than the old 7...c6.} 8. h4 c5 (8... dxc4 $11 9. O-O Rb8) 9. cxd5 $14 {White is slightly better.} exd5 10. Nc3 cxd4 11. Nxd4 Bc5 12. Nb3 {White is much more active. Black has bad knights.} Bb6 {[#]} 13. Nxd5 $146 ({White should play} 13. O-O $16) ({Predecessor:} 13. O-O d4 14. Na4 Ne5 15. Bf4 Nc6 16. Rad1 Nd5 17. Bg5 Ndb4 18. Bxd8 Nxc2 19. Nxb6 axb6 20. Bxb6 Rxa2 {1-0 (31) Paravyan,D (2647)-Prithu,G (2472) Chess.com INT 2021}) 13... Nxd5 $11 14. Bxd5 Ne5 {[%cal Bd7e5,Be5g4,Bg4f2][%mdl 32]} 15. Be4 ({Not} 15. Qe4 Ng4 16. Bg5 Qd7 $17) 15... Qf6 {[#]} (15... f5 $11 {keeps the balance.} 16. Bg2 Be6) 16. f3 ({Don't play} 16. Bxh7+ $6 Kh8 17. O-O-O Ng4 $11) (16. O-O $1 $16) 16... h6 {[#]} ({Better is} 16... Qe6 $14) 17. O-O-O $1 $16 Qe7 18. Qc3 (18. Bc3 $16) 18... Ng4 $11 19. Bf4 {Bd6 is the strong threat.} Nf2 {[%mdl 1024] Black has compensation.} (19... Re8 $5 {[%cal Rg4f2]} 20. Bd6 Qf6 $11) 20. Bd6 {Weighted Error Value: White=0.22 (precise) /Black=0.22 (precise)} 1/2-1/2

[Event "Kragero Resort International 2022"]
[Site "Kragero"]
[Date "2022.02.27"]
[Round "9.6"]
[White "Haugen, Lars Tormod"]
[Black "Carlin, Tormod"]
[Result "1-0"]
[WhiteElo "1710"]
[BlackElo "1630"]
[Annotator "NA"]
[PlyCount "51"]
[EventDate "2022.02.23"]
[EventType "swiss"]
[EventCountry "NOR"]
[SourceTitle "playchess.com"]
[Source "ChessBase"]
[SourceQuality "1"]
[TimeControl "5400+30"]

1. c4 {[%emt 0:00:04]} e6 {[%emt 0:00:54]} 2. Nc3 {[%emt 0:00:57]} d5 {[%emt 0:00:05]} 3. e3 {[%emt 0:00:05]} Nf6 {[%emt 0:00:12]} 4. Nf3 {[%emt 0:00:17]} Be7 {[%emt 0:00:08]} 5. b3 {[%emt 0:02:05]} b6 {[%emt 0:00:32]} 6. cxd5 {[%emt 0:01:50]} exd5 {[%emt 0:00:45]} 7. Bb2 {[%emt 0:01:33]} Bb7 {[%emt 0:00:14]} 8. d4 {[%emt 0:04:53]} O-O {[%emt 0:00:13]} 9. Bd3 {[%emt 0:03:10]} Nc6 {[%emt 0:02:22]} 10. Rc1 {[%emt 0:01:51]} a6 {[%emt 0:00:31]} 11. O-O {[%emt 0:00:52]} Bd6 {[%emt 0:00:11]} 12. Ne2 {[%emt 0:06:35]} Ne7 {[%emt 0:01:55]} 13. Ne5 {[%emt 0:11:56]} Ng6 {[%emt 0:00:44]} 14. Ng3 {[%emt 0:06:34]} Nd7 {[%emt 0:03:46]} 15. f4 {[%emt 0:04:44]} Ne7 {[%emt 0:06:23]} 16. Nh5 {[%emt 0:15:14]} Ng6 {[%emt 0:03:12]} 17. Nxd7 {[%emt 0:11:15]} Qxd7 {[%emt 0:00:17]} 18. f5 {[%emt 0:00:36]} Qe7 {[%emt 0:04:40]} 19. fxg6 {[%emt 0:11:01]} Qxe3+ {[%emt 0:00:07]} 20. Kh1 {[%emt 0:01:34]} fxg6 {[%emt 0:00:12]} 21. Ng3 {[%emt 0:00:52]} Qh6 {[%emt 0:05:13]} 22. Qe1 {[%emt 0:02:09]} Rfe8 {[%emt 0:02:23]} 23. Qf2 {[%emt 0:02:23]} Bc8 {[%emt 0:01:14]} 24. Qf7+ {[%emt 0:01:25]} Kh8 {[%emt 0:00:10]} 25. Qxe8+ {[%emt 0:00:13]} Bf8 {[%emt 0:00:03]} 26. Qxf8# {[%emt 0:00:37]} 1-0

[Event "Kragero Resort International 2022"]
[Site "Kragero"]
[Date "2022.02.27"]
[Round "9.7"]
[White "Sagafos, Magne"]
[Black "Gumularz, Szymon"]
[Result "1/2-1/2"]
[WhiteElo "2386"]
[BlackElo "2539"]
[Annotator "TA"]
[PlyCount "96"]
[EventDate "2022.02.23"]
[EventType "swiss"]
[EventCountry "NOR"]
[SourceTitle "playchess.com"]
[Source "ChessBase"]
[SourceQuality "1"]

{[%evp 14,96,41,44,43,45,48,51,83,77,79,58,95,115,116,84,70,77,91,88,97,89,109,77,118,100,141,134,139,106,157,174,140,47,48,28,81,37,108,114,131,123,148,110,127,102,341,98,93,58,225,21,139,0,0,0,7,0,0,0,0,0,0,0,0,-85,0,0,568,568,2560,2355,29987,29988,29988,0,0,0,0,0,0,0,0,0,0]} 1. e4 c6 2. Nf3 d5 3. d3 {[%cal Bd2d3,Bd3e4,Be4e5][%mdl 32]} g6 4. Nbd2 Bg7 5. g3 Nf6 6. Bg2 O-O 7. O-O dxe4 8. dxe4 Qb6 {A07: Réti Opening: New York and Capablanca Systems.} 9. Qe2 Qa6 10. c4 {[#]} Rd8 $146 {White is slightly better.} ({Predecessor:} 10... h6 11. a3 Nh7 12. e5 Bg4 13. h3 Bd7 14. Re1 c5 15. Ne4 b6 16. Nc3 Nc6 {1-0 (41) Wexler,B-Fenoglio,V Buenos Aires 1959}) 11. e5 Ne8 12. Ne4 (12. Ng5 {is interesting.} Nc7 13. Nde4 h6 14. Nc5 Qa5 15. Nge4) 12... Be6 13. b3 {Hoping for Nc5.} Nd7 {Inhibits Nc5.} 14. Bb2 (14. Nfg5 {is more complex.} Nc7 15. f4 f6 16. exf6 exf6 17. Nxe6 Nxe6 18. Nxf6+ Bxf6 19. Qxe6+ Kh8 20. Rb1) 14... Nc7 15. Nd4 Qb6 16. f4 {White is more active.} Nc5 (16... Nxe5 $2 17. c5 (17. fxe5 Rxd4 18. Bxd4 Qxd4+ 19. Kh1 Bxe5 $11) 17... Qb4 18. Nxe6 Nxe6 19. fxe5 $18) 17. Nf2 a5 18. Bc3 $1 N5a6 ({Better is} 18... f6) 19. Rad1 $16 a4 (19... Nb4 $142) 20. b4 $1 a3 (20... Nxb4 $2 21. Nxe6 Nxe6 22. Qb2 $18) 21. c5 Qa7 {[%cal Od8d4]} 22. Nxe6 Nxe6 23. Qc4 (23. f5 $16 gxf5 24. Qh5) 23... Nac7 $14 24. h4 {[%cal Oh4h5]} Qa4 (24... Qa6 $11 25. Qxa6 Nxa6) 25. Be4 (25. h5 $16) 25... Nd5 ({Black should play} 25... Qb5 $14 26. Qb3 b6) 26. Bxd5 $16 cxd5 27. Rxd5 Nc7 28. Rdd1 h5 29. Qe4 e6 $2 (29... Qc6 $16) 30. Rd6 $2 (30. Qxb7 Nd5 31. Rxd5 exd5 $11) (30. Rxd8+ $18 {and the rest is easy.} Rxd8 31. Qxb7) 30... Nd5 31. Bd2 {Threatens to win with g4.} Bf8 $2 {[#]} (31... b6 $1 $14) 32. Rc1 $2 ({Weaker is} 32. Rxd8 Rxd8 33. Rc1 b6 $14) (32. g4 $1 $18) 32... Rac8 (32... b6 $1 $11) 33. Qe1 (33. Qf3 $16) 33... b6 $11 34. Rxd8 Rxd8 35. Ne4 bxc5 36. bxc5 Qd4+ 37. Kh1 Qb2 38. c6 $1 Qxa2 {Strongly threatening ...Qb3.} 39. Ba5 {[#]} (39. c7 $11 Rc8 40. Ba5) 39... Ra8 ({Black should try} 39... Rb8 $1 $17 {[%cal Rb8b2] And now ...Rb2 would win.} 40. c7 Rb2) 40. c7 Ne7 {[%mdl 8192]} (40... Nxc7 $11 {and Black has nothing to worry.} 41. Bxc7 (41. Nf6+ Kg7 $11) 41... Qb3) 41. Bb4 $18 {Black must now prevent Bxe7.} Nc8 42. Nf6+ Kg7 43. Bxf8+ Kxf8 44. Qb4+ $2 (44. Qd1 {mates} Kg7 45. Qd8 Qd5+ 46. Kg1 Qxd8 47. cxd8=Q Nb6 48. Qxb6 Kh6 49. Qb7) 44... Kg7 $11 {The position is equal.} 45. Ne8+ Kg8 46. Nf6+ Kg7 47. Ne8+ Kg8 48. Nf6+ Kg7 {Weighted Error Value: White=0.44/Black=0.70} 1/2-1/2

[Event "Kragero Resort International 2022"]
[Site "Kragero"]
[Date "2022.02.27"]
[Round "9.7"]
[White "Johannessen, Martin T."]
[Black "Madsen, Morten L"]
[Result "1-0"]
[WhiteElo "1629"]
[BlackElo "1828"]
[Annotator "NA"]
[PlyCount "91"]
[EventDate "2022.02.23"]
[EventType "swiss"]
[EventCountry "NOR"]
[SourceTitle "playchess.com"]
[Source "ChessBase"]
[SourceQuality "1"]
[TimeControl "5400+30"]

1. d4 {[%emt 0:00:17]} d5 {[%emt 0:06:16]} 2. c4 {[%emt 0:00:30]} c6 {[%emt 0:00:00]} 3. cxd5 {[%emt 0:00:30]} cxd5 {[%emt 0:00:00]} 4. Bf4 {[%emt 0:00:30]} Nc6 {[%emt 0:00:21]} 5. Nf3 {[%emt 0:00:30]} Nf6 {[%emt 0:06:21]} 6. Nc3 {[%emt 0:11:29]} e6 {[%emt 0:08:23]} 7. e3 {[%emt 0:10:22]} Bd7 {[%emt 0:00:44]} 8. a3 $14 {[%emt 0:02:48]} Be7 9. Bd3 {[%emt 0:00:44]} O-O 10. O-O {[%emt 0:01:29]} Nh5 11. Bg3 {[%emt 0:03:25]} Nxg3 {[%emt 0:00:09]} 12. hxg3 {[%emt 0:10:39]} a6 13. Rc1 {[%emt 0:10:50]} b5 14. e4 {[%emt 0:15:43]} dxe4 {[%emt 0:02:51]} 15. Nxe4 {[%emt 0:15:57]} h6 {[%emt 0:05:14]} 16. Nc5 {[%emt 0:07:22]} Bf6 {[%emt 0:45:22]} 17. Be4 {[%emt 0:06:51]} Be8 {[%emt 0:05:00]} 18. Nxe6 {[%emt 0:00:00]} fxe6 {[%emt 0:01:16]} 19. Bxc6 {[%emt 0:00:00]} Bxc6 20. Rxc6 {[%emt 0:00:00]} Qd7 21. Qc2 {[%emt 0:12:55]} Bxd4 {[%emt 0:00:15]} 22. Nxd4 {[%emt 0:00:00]} Qxd4 23. Rxe6 {[%emt 0:01:04]} a5 {[%emt 0:13:05]} 24. Qb3 {[%emt 0:00:00]} Qc4 {[%emt 0:04:09]} 25. Qxc4 {[%emt 0:00:00]} bxc4 {[%emt 0:03:18]} 26. Rc6 {[%emt 0:00:00]} Rfc8 {[%emt 0:00:00]} 27. Rxc8+ {[%emt 0:00:00]} Rxc8 {[%emt 0:00:00]} 28. Rc1 {[%emt 0:00:00]} a4 {[%emt 0:00:00]} 29. Kf1 {[%emt 0:00:34]} Kf7 {[%emt 0:00:00]} 30. Ke2 {[%emt 0:00:00]} Ke6 {[%emt 0:00:00]} 31. Kd2 {[%emt 0:00:00]} Kd5 {[%emt 0:00:00]} 32. Kc3 {[%emt 0:01:38]} Rb8 {[%emt 0:00:00]} 33. Rd1+ {[%emt 0:00:00]} Kc6 {[%emt 0:00:28]} 34. Rd4 {[%emt 0:00:00]} Rb3+ {[%emt 0:00:22]} 35. Kc2 {[%emt 0:02:16]} Kc5 {[%emt 0:00:42]} 36. Rd7 {[%emt 0:00:00]} g5 {[%emt 0:00:37]} 37. Ra7 {[%emt 0:03:47]} c3 {[%emt 0:02:14]} 38. Rc7+ {[%emt 0:01:36]} Kd5 {[%emt 0:00:28]} 39. Rxc3 {[%emt 0:00:06]} Rb7 {[%emt 0:09:55]} 40. b3 {[%emt 0:00:00]} axb3+ {[%emt 0:00:00]} 41. Rxb3 {[%emt 0:00:00]} Rf7 {[%emt 0:00:00]} 42. Rf3 {[%emt 0:00:00]} Rxf3 {[%emt 0:00:00]} 43. gxf3 {[%emt 0:00:00]} h5 {[%emt 0:00:00]} 44. Kd2 {[%emt 0:00:00]} h4 {[%emt 0:00:00]} 45. Ke2 {[%emt 0:00:00]} h3 {[%emt 0:00:00]} 46. Kf1 {[%emt 0:00:00]} 1-0

[Event "Kragero Resort International 2022"]
[Site "Kragero"]
[Date "2022.02.27"]
[Round "9.8"]
[White "Hammari, Vinjar"]
[Black "Gharibyan, Mane"]
[Result "0-1"]
[WhiteElo "1775"]
[BlackElo "1592"]
[Annotator "NA"]
[PlyCount "104"]
[EventDate "2022.02.23"]
[EventType "swiss"]
[EventCountry "NOR"]
[SourceTitle "playchess.com"]
[Source "ChessBase"]
[SourceQuality "1"]
[TimeControl "5400+30"]

1. d4 {[%emt 0:00:20]} Nf6 {[%emt 0:00:10]} 2. c4 {[%emt 0:00:07]} e6 {[%emt 0:00:05]} 3. g3 {[%emt 0:00:08]} d5 {[%emt 0:06:47]} 4. Bg2 {[%emt 0:00:50]} Bb4+ {[%emt 0:05:27]} 5. Bd2 {[%emt 0:00:29]} Bxd2+ {[%emt 0:00:44]} 6. Nxd2 {[%emt 0:00:08]} O-O {[%emt 0:00:38]} 7. Ngf3 {[%emt 0:00:09]} b6 {[%emt 0:01:36]} 8. Qc2 {[%emt 0:00:26]} Bb7 {[%emt 0:00:58]} 9. O-O {[%emt 0:00:28]} Nbd7 {[%emt 0:03:18]} 10. c5 {[%emt 0:02:10]} bxc5 {[%emt 0:21:54]} 11. dxc5 {[%emt 0:00:08]} c6 {[%emt 0:00:17]} 12. b4 {[%emt 0:01:51]} Qc7 {[%emt 0:16:26]} 13. Nb3 {[%emt 0:05:40]} e5 {[%emt 0:06:23]} 14. e3 {[%emt 0:01:54]} Rab8 {[%emt 0:03:03]} 15. Rfd1 {[%emt 0:03:26]} Ba6 {[%emt 0:02:41]} 16. a3 {[%emt 0:01:10]} e4 {[%emt 0:03:37]} 17. Nfd4 {[%emt 0:00:18]} Ne5 {[%emt 0:00:10]} 18. Na5 {[%emt 0:00:52]} Rfe8 {[%emt 0:02:45]} 19. h3 {[%emt 0:01:38]} Qd7 {[%emt 0:05:53]} 20. Kh2 {[%emt 0:01:11]} h6 {[%emt 0:00:22]} 21. Qa4 {[%emt 0:01:45]} Bb5 {[%emt 0:07:12]} 22. Nxb5 {[%emt 0:00:21]} Rxb5 {[%emt 0:01:03]} 23. Ra2 {[%emt 0:05:19]} Qc8 {[%emt 0:03:07]} 24. Qc2 {[%emt 0:02:25]} Nh7 {[%emt 0:00:32]} 25. Nb3 {[%emt 0:01:38]} Ng5 {[%emt 0:01:24]} 26. Nd4 {[%emt 0:00:06]} Rb8 {[%emt 0:00:35]} 27. Rb1 {[%emt 0:02:33]} Re7 {[%emt 0:02:59]} 28. a4 {[%emt 0:00:29]} a6 {[%emt 0:00:22]} 29. Rab2 {[%emt 0:01:03]} Reb7 {[%emt 0:00:52]} 30. Qd1 {[%emt 0:01:00]} Nd3 {[%emt 0:00:30]} 31. Rd2 {[%emt 0:02:22]} Rxb4 {[%emt 0:00:13]} 32. Rxb4 {[%emt 0:00:15]} Rxb4 {[%emt 0:00:02]} 33. Rxd3 {[%emt 0:00:20]} exd3 {[%emt 0:00:07]} 34. Qxd3 {[%emt 0:00:06]} Rxa4 {[%emt 0:00:30]} 35. Nf5 {[%emt 0:00:15]} Kh8 {[%emt 0:01:03]} 36. Nd6 {[%emt 0:00:07]} Qc7 {[%emt 0:03:33]} 37. Qf5 {[%emt 0:00:47]} Kg8 {[%emt 0:00:05]} 38. Ne8 {[%emt 0:04:36]} Qd8 {[%emt 0:00:15]} 39. Nd6 {[%emt 0:00:29]} Qc7 {[%emt 0:01:45]} 40. Qe5 {[%emt 0:01:19]} Ne6 {[%emt 0:00:22]} 41. Bf1 {[%emt 0:01:06]} Ra3 {[%emt 0:00:38]} 42. f4 {[%emt 0:00:41]} Ra2+ {[%emt 0:00:26]} 43. Kg1 {[%emt 0:00:11]} Ra5 {[%emt 0:00:24]} 44. f5 {[%emt 0:00:38]} Nf8 {[%emt 0:00:05]} 45. Qc3 {[%emt 0:00:20]} f6 {[%emt 0:00:55]} 46. e4 {[%emt 0:00:47]} Nd7 {[%emt 0:00:40]} 47. Nb7 {[%emt 0:01:40]} Ra4 {[%emt 0:00:28]} 48. exd5 {[%emt 0:00:37]} cxd5 {[%emt 0:00:36]} 49. c6 {[%emt 0:00:19]} Ne5 {[%emt 0:00:25]} 50. Nc5 {[%emt 0:01:14]} Ra5 {[%emt 0:00:33]} 51. Nxa6 {[%emt 0:00:17]} Qb6+ {[%emt 0:00:30]} 52. Nc5 {[%emt 0:00:59]} Qxc5+ {[%emt 0:00:16]} 0-1

[Event "Kragero Resort International 2022"]
[Site "Kragero"]
[Date "2022.02.27"]
[Round "9.9"]
[White "Lie, Kjetil A."]
[Black "Kjartansson, Gudmundur"]
[Result "1-0"]
[WhiteElo "2520"]
[BlackElo "2450"]
[Annotator "TA"]
[PlyCount "73"]
[EventDate "2022.02.23"]
[EventType "swiss"]
[EventCountry "NOR"]
[SourceTitle "playchess.com"]
[Source "ChessBase"]
[SourceQuality "1"]

{[%evp 9,73,-1,10,14,16,11,33,23,20,5,24,26,39,7,17,21,16,27,56,58,57,39,47,52,51,60,51,24,31,17,48,20,35,37,143,27,159,48,94,52,37,31,54,60,65,52,72,64,78,83,74,69,341,340,29984,29985,29988,29989,29989,29990,29990,29991,29991,29986,29986,29987]} 1. e4 c5 2. d3 Nc6 3. f4 g6 4. Nf3 Bg7 5. Be2 d5 6. O-O {B21: Sicilian: 2 f4 and Morra Gambit.} e6 7. c3 b6 8. Na3 {White is slightly better.} Nge7 9. Nc2 Ba6 {[#] And now ...dxe4 would win.} 10. e5 $146 ({Predecessor:} 10. Qe1 dxe4 11. dxe4 Bd3 12. Bxd3 Qxd3 13. Rf2 O-O 14. Rd2 Qc4 15. Na3 Qa4 16. Qe2 {0-1 (51) Grafl,F (2411)-Sammalvuo,T (2445) Budapest 2004}) 10... h5 11. Be3 Nf5 12. Bf2 Bf8 13. b4 Be7 14. Rb1 {Strongly threatening b5.} Bc8 {[%cal Ba6c8,Bc8d7,Bd7a4][%mdl 32]} 15. d4 cxb4 16. cxb4 Bd7 17. a3 a6 18. Qd2 Na7 19. Rfc1 (19. Bxa6 b5 20. a4 bxa4 $11) 19... Ba4 20. Ne3 (20. Bxa6 $2 b5 21. Ne3 Nxe3 22. Bxe3 (22. Qxe3 Qb6 $17) 22... Qb6 $17) 20... Nxe3 21. Qxe3 O-O {[#]} (21... Kf8 $14) 22. Bd3 {White is more active.} (22. Bxa6 Qd7 $14) ({White should try} 22. f5 $1 $16 exf5 23. Qh6 (23. Bxa6 Nb5 $14)) 22... Rc8 (22... Kg7 $11) 23. h3 ({Don't take} 23. Bxa6 Rc6 $16) (23. f5 $16 exf5 24. Qh6 (24. Bxa6 Rxc1+ 25. Rxc1 Kg7 $16)) 23... Qd7 (23... Bb5 $1 $14) 24. g4 ({White should play} 24. Bxa6 $16 Rxc1+ 25. Rxc1) 24... hxg4 $14 25. hxg4 {Threatens to win with Kg2.} Rxc1+ 26. Rxc1 {aiming for Kg2.} ({Much weaker is} 26. Qxc1 Rc8 27. Qd2 Bb5 $11) 26... Rc8 $1 27. f5 $36 {[%mdl 2048] White fights for an advantage.} exf5 28. gxf5 gxf5 29. Rxc8+ Qxc8 30. Bh4 Nc6 {[%mdl 8192] [#] A mistake that costs the game.} (30... Bxh4 $1 $14 31. Nxh4 Bd7) 31. Bf6 $1 $18 {Intending Qh6 and mate.} Bxf6 $2 (31... f4 $18 32. Qxf4 Qh3 33. Bxa6 (33. Qg5+ Kf8 $16) 33... Qh7) 32. exf6 {White mates.} f4 33. Qxf4 Qh3 34. Bf5 Qh8 35. Qg3+ Kf8 36. Qd6+ Kg8 37. Ng5 {Weighted Error Value: White=0.18 (very precise) /Black=0.57} 1-0